| 000 | 00562nam a2200169Ia 4500 | ||
|---|---|---|---|
| 008 | 090711s9999 xx 000 0 und d | ||
| 082 | _b52965 | ||
| 100 | _aआठवले प्रिया | ||
| 245 | _aपाकनिर्णय 86 | ||
| 260 |
_bसुमंगल प्रेस (प्रा.) लिमिटेड _c1986 |
||
| 300 | _a154 | ||
| 600 | _aआठवले प्रिया | ||
| 630 | _aपाकनिर्णय 86 | ||
| 700 | _aआठवले प्रिया | ||
| 730 | _aपाकनिर्णय 86 | ||
| 942 | _cBOOK | ||
| 999 |
_c333722 _d333722 |
||